Claves para la semántica / (Record no. 8464)

MARC details
000 -CABECERA
campo de control de longitud fija 00589nam a2200205 a 4500
005 - FECHA Y HORA DE LA ÚLTIMA TRANSACCIÓN
campo de control 20220518064041.0
008 - ELEMENTOS DE LONGITUD FIJA--INFORMACIÓN GENERAL
campo de control de longitud fija 991125s1974 es 000 0 spa u
020 ## - NÚMERO INTERNACIONAL NORMALIZADO PARA LIBROS
Número Internacional Estándar del Libro 8433900277
035 ## - NÚMERO DE CONTROL DEL SISTEMA
Número de control de sistema UPN01000008464
049 ## - COLECCIÓN
Colección CG
050 #4 - SIGNATURA TOPOGRÁFICA DE LA BIBLIOTECA DEL CONGRESO
Número de clasificación P325
Número de documento/Ítem M6.28
100 1# - ASIENTO PRINCIPAL--NOMBRE PERSONAL
Nombre de persona Mounin, Georges,
Fechas asociadas al nombre 1910-
9 (RLIN) 30292
245 10 - MENCIÓN DE TÍTULO
Título Claves para la semántica /
Mención de responsabilidad, etc. Georges Mounin ; tr. Carlos Manzano.
260 ## - PUBLICACIÓN, DISTRIBUCIÓN, ETC.
Lugar de publicación, distribución, etc. Barcelona [Esp.] :
Nombre del editor, distribuidor, etc. Anagrama,
Fecha de publicación, distribución, etc. 1974.
300 ## - DESCRIPCIÓN FÍSICA
Extensión 233 p.
440 #0 - MENCIÓN DE SERIE/ASIENTO SECUNDARIO--TÍTULO
Título Argumentos.
Nombre de parte o sección de la obra Ensayo y ciencias humanas ;
Designación de volumen o secuencia 27
650 #4 - ASIENTO SECUNDARIO DE MATERIA - TERMINO TEMATICO
Término de materia o nombre geográfico como elemento de entrada LEXICOLOGIA
650 #2 - ASIENTO SECUNDARIO DE MATERIA - TERMINO TEMATICO
Término de materia o nombre geográfico como elemento de entrada Semántica
9 (RLIN) 3577
905 ## - TIPO DE MATERIAL
Tipo de material Libro
Holdings
Estado de retiro Estado de pérdida Fuente del sistema de clasificación o colocación Estado dañado No para préstamo Código de colección Localización permanente Ubicación/localización actual Ubicación en estantería Total de préstamos Clasificación Código de barras Fecha visto por última vez Número de copia Tipo de ítem Koha
    Library of Congress Classification     Colección General Bib. Gregorio Torres Quintero Bib. Gregorio Torres Quintero Planta baja   P325 M6.28 64554 31/12/2020 1 Libro